| 000 | 00637cam a2200265 i 4500 | ||
|---|---|---|---|
| 001 | 0000872 | ||
| 003 | DO-SdBNP | ||
| 005 | 20180321142149.0 | ||
| 007 | 0000872 | ||
| 008 | 100514s 201u sp a | |||| 000 f spa | ||
| 015 | _a | ||
| 017 |
_a _b |
||
| 020 | _a8430571256 | ||
| 035 | _a | ||
| 040 |
_aBPMSU _bspa _cBPMSU _e |
||
| 080 | _a | ||
| 245 | 0 | 3 |
_aEl mago de Oz / _h |
| 260 |
_aMadrid, España : _bSusaeta ediciones, _c[201-]. |
||
| 300 |
_a[16] p.: _bil. _c30 cm. |
||
| 490 | 1 | _aArlequín | |
| 830 | 0 | _aArlequín | |
| 942 |
_2ddc _cBK |
||
| 945 | _aInventariado extranjero / 2018 VM | ||
| 956 |
_aYLOCKWARD _810 _cBPMSU |
||
| 999 |
_c12283 _d12283 |
||